| 000 | 01107nam a22002417a 4500 | ||
|---|---|---|---|
| 999 |
_c22352 _d22352 |
||
| 003 | AR-CdUCM | ||
| 008 | 190429b ||||| |||| 00| 0 spa d | ||
| 040 |
_aMUNICIPALIDAD PROVINCIAL DEL CUSCO _cBIBLIOTECA MUNICIPAL DEL CUSCO |
||
| 082 | _aClubCusco/N°5/2017 | ||
| 110 |
_aClub Cusco _947913 |
||
| 245 |
_aClub Cusco : _brevista institucional / _cClub Cusco |
||
| 260 |
_aCusco. _bPantigozo, _c2018. |
||
| 300 |
_a158 páginas. : _bilustraciones en color ; _c29 cm. |
||
| 440 |
_aClub Cusco. _nN°5, 2017. _947917 |
||
| 505 | _aContenido: Club Cusco 100 años. -- Uriel García y Humberto Vidal, dos arquetipos del cusqueñismo moderno. -- El Inca Garcilaso y su dimensión moral y cultural futurista. -- Julia Umeres de Osma en la historia del Perú. -- Arte rasgos estéticos de la plástica cusqueña. -- Mut´uchaca algunas reflexiones sobre los ríos antiguos puentes del Cusco. ... | ||
| 650 |
_aHistoria del Cusco _91714 |
||
| 650 |
_aHistoria institucional _947480 |
||
| 650 |
_aTurismo _947915 |
||
| 650 |
_aPoesía _947918 |
||
| 650 |
_aFolklore _947916 |
||
| 942 |
_2ddc _cPP |
||
| 945 | _arac | ||